000 00407nmm a2200145Ia 4500
008 251105s9999||||xx |||||||||||||||||und||
041 _aspa
100 _aDeveraux, Jude
245 0 _aEl despertar. La saga Montgomery VIII
264 _a[Madrid, España] :
_bEdiciones B,
_c2016
300 _a312 páginas
650 _aRomance
856 _uhttps://public.digitaliapublishing.com/a/53705
942 _cCF
999 _c106186
_d106186